| 000 | 02590nam0a2200409 4500 | ||
|---|---|---|---|
| 001 | RU\NLR\BIBL_A\022064523 | ||
| 005 | 20231127112554.0 | ||
| 010 |
_a978-5-907748-37-8 _950 |
||
| 021 |
_aRU _bКН-П-23-062636 _9КН-П-23-6351 |
||
| 035 | _a(NLR Aleph) 022064523 | ||
| 035 | _a(RuMoRGB)012186007 | ||
| 090 |
_a12638531 _c12638531 |
||
| 100 | _a20231101d2023 u y0rusy50 ca | ||
| 101 | 0 | _arus | |
| 102 | _aRU | ||
| 105 | _aa|||j|||000zy | ||
| 181 | 0 |
_ai _baxxe |
|
| 182 | 0 | _an | |
| 200 | 1 |
_aСиндром гиперандрогении в детском возрасте: диагностика и лечение _eучебно-методическое пособие _fСкородок Юлия Леонидовна, канд. мед. наук, доц., Плотникова Елена Валерьевна, канд. мед. наук, доц., Нагорная Ирена Игоревна, канд. мед. наук, доц. [и др.] _gМинистерство здравоохранения Российской Федерации, Санкт-Петербургский государственный педиатрический медицинский университет |
|
| 203 |
_aТекст _bвизуальный _cнепосредственный |
||
| 210 |
_aСанкт-Петербург _cСПбГПМУ _d2023 |
||
| 215 |
_a16, [1] с. _cтабл. _d21 |
||
| 225 | 1 | _aБиблиотека Педиатрического университета | |
| 300 | _aАвт. указаны на обороте тит. с. | ||
| 320 | _aБиблиогр. в конце кн. (9 назв.) | ||
| 606 | 1 |
_aГиперандрогения девочек-подростков _jУчебно-методические пособия _2nlr_sh2 _3RU\NLR\AUTH\6601639985 |
|
| 675 |
_a616.69-053.2-07(075.8) _v4 |
||
| 686 | 1 | _aР733.415.180.21я7 | |
| 701 | 1 |
_aСкородок _bЮ. Л. _gЮлия Леонидовна |
|
| 701 | 1 |
_aПлотникова _bЕ. В. _cканд. мед. наук, педиатрия _gЕлена Валерьевна _3RU\NLR\AUTH\770192460 |
|
| 701 | 1 |
_aНагорная _bИ. И. _cканд. мед. наук, педиатрия _gИрена Игоревна _3RU\NLR\AUTH\770192521 |
|
| 712 | 0 | 2 |
_aСанкт-Петербургский государственный педиатрический медицинский университет _3RU\NLR\AUTH\8810243741 _4475 |
| 942 | _cBOOK | ||
| 980 | _aNB | ||